000 00895nam a22003137a 4500
001 0026408
003 KOHA_MİRAKIL
005 20260207002527.0
007 ta
008 101213b2010 tu |||gr||||#0|||0|tur |
020 _a9786055782306
040 _aTR-BiSEU
_btur
_cTR-BiSEU
_erda
041 0 _atur
044 _ctu
050 _aHG3881
_b.S28 2010
100 1 _aSavaş, Vural Fuat.
245 1 _aUluslararası para sistemi/
_cVural Fuat Savaş ; Vural Fuat Savaş.
264 1 _aAnkara :
_bSiyasal Kitabevi
_c2010
300 _a320 sayfa; 22 cm.
336 _ametin
_btxt
_2rdacontent
337 _aaracısız
_bn
_2rdamedia
338 _acilt
_bnc
_2rdacarrier
650 0 _aInternational finance.
_95141
650 0 _aMonetary policy.
_98149
650 0 _aUluslararası finans.
_96525
650 0 _aPara politikası.
_98147
907 _aOkuma Kitabı
942 _2lcc
_cBK
999 _c26352
_d26352